LIBRARY & INFORMATION CENTRE, KCAET, TAVANUR

ONLINE PUBLIC ACCESS CATALOGUE (OPAC)

Guide-book to biochemistry / (Record no. 9617)

MARC details
000 -LEADER
fixed length control field 00406cam a2200157ua 4500
041 ## - LANGUAGE CODE
Language code of text/sound track or separate title eng
082 ## - DEWEY DECIMAL CLASSIFICATION NUMBER
Classification number 514.192
Item number HAR/GU
100 ## - MAIN ENTRY--AUTHOR NAME
Personal name Harrison, Kenneth .
245 ## - TITLE STATEMENT
Title Guide-book to biochemistry /
250 ## - EDITION STATEMENT
Edition statement 2 /
260 ## - PUBLICATION, DISTRIBUTION, ETC. (IMPRINT)
Place of publication Cambridge :
Name of publisher Cambridge University Press ,
Year of publication 1968.
300 ## - PHYSICAL DESCRIPTION
Number of Pages 152 ; .
942 ## - ADDED ENTRY ELEMENTS (KOHA)
Koha item type Books
Holdings
Withdrawn status Lost status Damaged status Home library Current library Date acquired Full call number Accession Number Koha item type
      KAUAET KAUAET 07/04/2012 514.192 HAR/GU 12555 Books
free website counter